Иван Кукузел (Запис номер 117296)
[ съкратено ]
| 000 -Лидер | |
|---|---|
| Контролно поле с фиксирана дължина | 02214nam a2200421 c 4500 |
| 003 - Код на организацията, давaща контролен номер | |
| Контролно поле | BLK |
| 005 - Дата и час на последна редакция | |
| Контролно поле | 20241207155255.0 |
| 008 - Елементи от данни с фиксирана дължина | |
| fixed length control field | 180409b bul|||||r ||||||| ||bul|| |
| 010 ## - Наследен системен номер | |
| LC control number | KNG00122882000 |
| 040 ## - Източник на каталожния запис | |
| Идентификатор на билиотеката - собственик на записа | BLK |
| 041 ## - Код за език | |
| Код за езика на текст/звукозапис или на отделно заглавие | Български |
| Код за езика КДБФ | Български |
| Други езици | Английски |
| -- | Руски |
| 072 #7 - Код за тематичната категория | |
| Код организация | bullib |
| Код за тематична категория | М03 |
| Текст | Източно православна канонична музика |
| 080 ## - УДК | |
| Текстов определител УДК | Музиканти-творци, композитори |
| УДК код - определител по УДК | 78.071.1 |
| УДК определител | (497.2)(092) |
| УДК - код + определител | 78.071.1(497.2)(092) |
| 080 ## - УДК | |
| Текстов определител УДК | Средновековен български светец, църковен певец и композитор, музикален теоретик и реформатор на византийското нотно писмо |
| УДК код - определител по УДК | 929 Йоан Кукузел, св. |
| УДК - код + определител | 929 Йоан Кукузел, св. |
| 100 1# - Редна дума - Автор | |
| Автор | Тодорова, Живка |
| Авторска отговорност | първи автор |
| R(LIN) | 315154 |
| 139 ## - Редно поле | |
| Редна дума | Тодорова, Живка |
| Авторски знак | Иоан - И 75 |
| 245 10 - Сведения за заглавието | |
| Заглавие | Иван Кукузел |
| Подзаглавни данни | Композитор, песнопевец, теоретик и реформатор на източноправославната музика |
| Редно поле (дума) | Живка Тодорова. |
| 257 ## - Страна на издаване | |
| Страна на създаване/издаване | България |
| 260 ## - Област на издателските данни | |
| Място на издаване, разпространение и проч. | София |
| Име на издателя, разпространителя и проч. | К-т за култура |
| Година на издаване | 1980 |
| Печатница | София : Творчески фонд на Съюза на архитектите в България |
| 300 ## - Физическа характеристика | |
| Страници | 48 с. |
| Размери/Мащаб | 20 см |
| 380 ## - Жанр | |
| Жанр | Изкуство |
| 500 ## - Общи забележки | |
| Забележка | Изд. на К-т за култура. Нац. научно-информ. център. - Рез. на рус. и англ. ез. - Библиогр. с. 37-38. |
| 600 14 - Име на лице, използвано като предмет | |
| За него / За нея | Йоан Кукузел |
| 9 (RLIN) | 315127 |
| 650 #0 - Допълнително описание по предмет – тема | |
| Основно описание – тема или топоним | Музика - България |
| 9 (RLIN) | 256005 |
| 651 #4 - Допълнително описание по предмет - топоним | |
| Географско понятие | България |
| 9 (RLIN) | 241624 |
| 653 ## - Ключова дума – ненормативна | |
| Ключова дума | източноправославна музика |
| 653 ## - Ключова дума – ненормативна | |
| Ключова дума | България |
| 653 ## - Ключова дума – ненормативна | |
| Ключова дума | Йоан Кукузел |
| 852 ## - Местоположение | |
| Форматна сигнатура | Цб 110465 |
| Фондова буква | Хранилище |
| 856 4# - Електронен адрес и достъп | |
| Електронен формат | pdf - файл |
| Инструкция (цена за достъп) | 0.00 |
| Права за достъп | disable |
| 856 4# - Електронен адрес и достъп | |
| Електронен формат | pdf - файл |
| Инструкция (цена за достъп) | 0.00 |
| Права за достъп | disable |
| 999 ## - СИСТЕМНИ КОНТРОЛНИ НОМЕРА | |
| Koha biblionumber | 117296 |
| Koha biblioitemnumber | 117296 |
| 942 ## - АРТИКУЛИ | |
| Вид на библиотечния материал | Книги |
| Скрит в OPAC | Не |
| Периодичен библиозапис | Да |
| 944 ## - СЪЗДАВАНЕ И РЕДАКЦИЯ на ЗАПИСА | |
| Създаване/Редакция | Създаване |
| Дата на регистрацията/редакция | 14.04.2011 |
| Статус, дата на статуса | Геновева Генчева |
| Служител, извършил регистрацията/редакцията | 30560 |
| 944 ## - СЪЗДАВАНЕ И РЕДАКЦИЯ на ЗАПИСА | |
| Създаване/Редакция | Редакция |
| Дата на регистрацията/редакция | 08.10.2015 |
| Статус, дата на статуса | добави в АБ / 13.04.2011 |
| Служител, извършил регистрацията/редакцията | Милена_Ачева |
| 944 ## - СЪЗДАВАНЕ И РЕДАКЦИЯ на ЗАПИСА | |
| Създаване/Редакция | Редакция |
| Дата на регистрацията/редакция | 2022-12-15 |
| Служител, извършил регистрацията/редакцията | ВП |
| 999 ## - СИСТЕМНИ КОНТРОЛНИ НОМЕРА | |
| Koha biblioitemnumber | 117296 |
| 999 ## - СИСТЕМНИ КОНТРОЛНИ НОМЕРА | |
| Koha biblioitemnumber | 117296 |
| Код за отписване | Код за изгубен артикул | Източник на класификационната схема | Код за повреда | Коз за рестрикции | Код за отдаване | Артикулен № | Име на библиотеката - собственик | Име на библиотеката, в която се намира в момента | Статус (Текущо местоположение) | Дата на вписване в системата | Местоположение - отдел | Цена в лева | Инвентарен номер | Систематично азбучна сигнатура | Баркод | Номер на екземпляра | Цена в евро | Служебна бележка | Служебен тип на артикула |
|---|---|---|---|---|---|---|---|---|---|---|---|---|---|---|---|---|---|---|---|
| Не е изгубен | Universal Decimal Classification | Не е повреден | без рестрикции | ползва се в читалня | 189067 | Регионална библиотека "Любен Каравелов" Русе | Регионална библиотека "Любен Каравелов" Русе | Хранилище | 1980-01-01 | Основен фонд - ползва се само за читалня | 0.25 | 316909 | Цб 110465 | 120000316909 | 1 | 0.13 | Дост: Pk Вид: Ф N: стар фонд Дата: 01.01.1980 Дата инв: 19.06.2012 Бележки инв: * | Книги | |
| Не е изгубен | Universal Decimal Classification | Не е повреден | без рестрикции | заемане за дома | 189068 | Регионална библиотека "Любен Каравелов" Русе | Регионална библиотека "Любен Каравелов" Русе | Отдел Изкуство - подръчен фонд | 1980-01-01 | Отдел Изкуство - подръчен фонд | 0.25 | 316910 | 78.071.1(497.2)(092)/И 75 | 120000316910 | 2 | 0.13 | Вид: Сф N: стар фонд Дата: 01.01.1980 Дата инв: 04.04.2017 Бележки инв: ИП2017 | Книги |